Stadt nach Stadtteilen - Statistiken

Allgemein
  • Dieses Quiz wurde 878 mal gespielt
  • Das Durchschnittsergebnis liegt bei 10 aus 20
Antwortstatistiken
Stadtteil Stadt % Korrekt
Altona Hamburg
98%
Pankow Berlin
87%
Schalke Gelsenkirchen
87%
Waldhof Mannheim
69%
Betzenberg Kaiserslautern
65%
Ehrenfeld Köln
65%
Borsigplatz Dortmund
58%
Travemünde Lübeck
54%
Wattenscheid Bochum
47%
Sendling München
43%
Sachsenhausen Frankfurt am Main
42%
Uerdingen Krefeld
42%
Zuffenhausen Stuttgart
41%
Donaustadt Wien
39%
Vegesack Bremen
35%
Blasewitz Dresden
35%
Liefering Salzburg
27%
Rheinhausen Duisburg
25%
Oerlikon Zürich
21%
Wankdorf Bern
20%
Keine übereinstimmenden Quizze gefunden
Verteilung der Resultate
Anzahl Personen mit jedem Resultat
Perzentil nach korrekt beantworteten Fragen
Ihre Resultats-Entwicklung
Sie haben dieses Quiz noch nicht gespielt